000 00813nam a2200253 i 4500
003 vecauma
005 20260410155014.0
007 ta
008 260410s1982 ve |||||r|||| 00| 0 spa d
040 _avecauma
_bspa
_cvecauma
_dvecauma
_erda
041 0 _aspa
099 _fFOLLETO 0401
100 1 _aBaralt, Rafael María,
_d1810-1860
_eautor
_92620
245 1 0 _aDiscurso de recepción pronunciado en la Real Academia Española
_c/ Rafael María Baralt.
250 _aEdición facsimilar.
264 1 _aCaracas, Venezuela :
_bEdiciones Presidencia de la República,
_c1982.
300 _a46 páginas.
336 _atexto
_btxt
_2rdacontenido
337 _ano mediado
_bn
_2rdamedio
338 _avolumen
_bnc
_2rdasoporte
650 0 _911443
_aDISCURSOS
942 1 _2lcc
_n0
_cFOL
999 _c13345
_d13345